| 000 | 00629nam a2200205 i 4500 | ||
|---|---|---|---|
| 001 | 115863 | ||
| 003 | ES-MaACL | ||
| 005 | 20250822062533.0 | ||
| 007 | t| | ||
| 008 | 061121s1946 sp r ||||1| spa d | ||
| 100 | 1 |
_aOrs, Eugenio d', _d1881-1954 _987358 |
|
| 245 | 1 | 3 |
_aEl arte de Goya _b: seguido de la otra visita al Museo del Prado / _cEugenio d'Ors. |
| 260 |
_aMadrid : _bM. Aguilar, _c1946. |
||
| 300 |
_a264 p., 51 lám. ; _c15 cm. |
||
| 490 | 1 | _aA index sum | |
| 600 | 1 | 4 |
_aGoya, Francisco de, _d1746-1828 _9240353 |
| 830 | 0 |
_aA index sum _9186359 |
|
| 852 |
_aES-MaACL _jD-7509 _bR.32234 |
||
| 999 |
_c115863 _d115863 |
||